Normale Ansicht MARC-Ansicht ISBD

Die zankende Zunft : (Titelsatznr. 34027)

[ MARC ]
MARC-Details
000 -Satzkennung
Kontrollfeld mit fester Länge 00680nam a22002171c 4500
001 - Kontrollnummer
Kontrollfeld a987676002
008 - Feld mit fester Länge zur physischen Beschreibung - Allgemeine Angaben
Kontrollfeld mit fester Länge 160316s2005 gw |||| 000u ger d
020 ## - Internationale Standardbuchnummer
Internationale Standardbuchnummer 3525362803
Verknüpfung 3-525-36280-3
041 ## - Sprachcode
Sprachcode des Textes/der Tonspur oder des separaten Titels ger
040 ## - Katalogisierungsquelle
Übertragungsstelle RU-10907106
003 - Kontrollnummer Identifier
Kontrollfeld RU-10907106
100 1# - Haupteintragung - Personenname
Personenname Grosse Kracht, Klaus
245 04 - Titel
Titel Die zankende Zunft :
Zusatz zum Titel historische Kontroversen in Deutschland nach 1945 /
Verfasserangabe etc. Klaus Grosse Kracht
264 ## - Produktion, Veröffentlichung, Distribution, Herstellung und Urheberrechtsvermerk
Herstellungs-, Veröffentlichungs- Vertriebs-, Erzeugungsort Göttingen :
Produzent, Herausgeber, Distributor, Hersteller Vandenhoeck & Ruprecht,
Datum der Herstellung, der Veröffentlichung, des Vertriebs oder des Urheberschutzvermerks 2005
300 ## - Physische Beschreibung
Umfang 224 S. ; 205 mm x 123 mm
650 #0 - Nebeneintragung unter einem Schlagwort - Sachschlagwort
Sachschlagwort oder geografischer Name als Eintragungselement Geschichtswissenschaft
650 #0 - Nebeneintragung unter einem Schlagwort - Sachschlagwort
Sachschlagwort oder geografischer Name als Eintragungselement Goldhagen, Daniel Jonah <Hitler's willing executioners>
650 #0 - Nebeneintragung unter einem Schlagwort - Sachschlagwort
Sachschlagwort oder geografischer Name als Eintragungselement Kontroverse
651 #0 - Nebeneintragung unter einem Schlagwort - Geografischer Name
Geografischer Name Deutschland
942 ## - Zusätzliche Felder (Koha)
Koha-Medientyp Monographien
Exemplare
Ausgeschieden Verloren Klassifikation oder Aufstellungssystematik Beschädigt Nicht entleihbar Heimatbibliothek Aufenthaltsbibliothek Aufstellungsort Erwerbungsdatum Inventarnummer Signatur Barcode Letzte Aktivität Preis gültig von Koha-Medientyp
    Andere/Generische Klassifikation     MWN Osteuropa MWN Osteuropa Lesesaal 16/03/2016 16-00908 Ersatzß G 40 aD Gro 3 E004015073C9C1D4 23/02/2021 22/03/2021 Monographien